Countries Pantera has Visited - Statistics

General Stats
  • This quiz has been taken 55 times
  • The average score is 30 of 34
Answer Stats
Continent Country % Correct
North America Canada
100%
Asia/ Europe Russia
100%
South America Argentina
97%
Oceania Australia
97%
South America Brazil
97%
Europe France
97%
North America Mexico
97%
Europe Spain
97%
Europe Sweden
97%
North America United States of America
97%
Europe Austria
94%
Europe Finland
94%
Europe Germany
94%
Asia Japan
94%
Europe Portugal
94%
Europe United Kingdom
94%
Europe Denmark
92%
Europe Italy
92%
Oceania New Zealand
92%
Europe Poland
92%
Europe Belgium
89%
South America Chile
89%
Asia South Korea
89%
Europe Netherlands
86%
South America Colombia
83%
Europe Ireland
83%
Europe Czech Republic
81%
Europe Romania
81%
Europe Bulgaria
78%
Europe Croatia
78%
Europe Hungary
75%
South America Venezuela
72%
Europe Slovenia
69%
Europe Switzerland
69%
No matching quizzes found
Score Distribution
Percent of People with Each Score
Percentile by Number Answered
Your Score History
You have not taken this quiz